000
00328nam a2200145Ia 4500
100
_a
Hull/ M.D.
650
_a
Electrical Engineering
942
_c
BK
654
_a
speaker systems
245
_a
Building Hi-Fi speaker systems
260
_b
Philips
_a
New Delhi
_c
1980
082
_a
621.38
300
_a
232
546
_a
ENGLISH
999
_c
33330
_d
33330